Právno-ekonomické následky terorizmu v Európskej únii a jeho regulácia bakalárska práca

Gespeichert in:
Bibliographische Detailangaben
1. Verfasser: Cviklovič, Peter
Körperschaft: Národohospodárska fakulta EU. Katedra ekonómie
Weitere Verfasser: Beleš, Andrej
Format: Buch
Sprache:Slowakisch
Veröffentlicht: Bratislava 2025
Tags: Tag hinzufügen
Keine Tags, Fügen Sie das erste Tag hinzu!

MARC

LEADER 00000nbm a2200000 4500
001 0310959
005 20260210112645.0
041 0 |a slo 
044 |a SK 
245 1 0 |a Právno-ekonomické následky terorizmu v Európskej únii a jeho regulácia  |b bakalárska práca  |c Peter Cviklovič ; školiteľ: Andrej Beleš 
264 1 |a Bratislava  |c 2025 
300 |a 93 s. 
100 1 |a Cviklovič, Peter 
700 1 |a Beleš, Andrej 
710 2 |a Národohospodárska fakulta EU. Katedra ekonómie